| 000 | 00416 a2200145 4500 | ||
|---|---|---|---|
| 005 | 20250320115552.0 | ||
| 020 | _a978-07-7494-6237-6 | ||
| 082 | _a382 REU | ||
| 100 | _aREUVID,J. | ||
| 245 | _aInternational Trade :An Essential Guide to the Principles and Practice of Export. | ||
| 260 |
_aNew Delhi, _bKoganpage, _c2011. |
||
| 300 |
_axviii,389p.: Ill.;figures. _bIndex. _c23cm. |
||
| 700 | _aJIM, S. | ||
| 942 |
_2ddc _cBKS |
||
| 999 |
_c844 _d844 |
||